Физико-механические свойства горных пород. Методы лабораторных исследований: учебное пособие

Bibliographic Details
Main Author: Ломтадзе В. Д. Валерий Давидович
Language:Russian
Published: Ленинград, Недра, 1990
Edition:2-е изд., перераб. и доп.
Series:Высшее образование
Subjects:
Format: Book
KOHA link:https://koha.lib.tpu.ru/cgi-bin/koha/opac-detail.pl?biblionumber=34403

MARC

LEADER 00000nam0a2200000 4500
001 34403
005 20231030225224.0
010 |a 5247013751 
035 |a (RuTPU)RU\TPU\book\34797 
035 |a BOOK00001448 
090 |a 34403 
100 |a 20011210d1990 m y0rusy50 ca 
101 0 |a rus 
102 |a RU 
105 |a y j 000zy 
200 1 |a Физико-механические свойства горных пород. Методы лабораторных исследований  |e учебное пособие  |f В. Д. Ломтадзе 
205 |a 2-е изд., перераб. и доп. 
210 |a Ленинград  |c Недра  |d 1990 
215 |a 328 с. 
225 1 |a Высшее образование 
610 1 |a геология 
610 1 |a горные породы 
610 1 |a физико-химические свойства 
610 1 |a исследования 
610 1 |a статистическая обработка 
610 1 |a учебные пособия 
675 |a 624.131.37(076.5)  |v 3 
700 1 |a Ломтадзе  |b В. Д.  |g Валерий Давидович  |2 stltpush  |3 (RuTPU)RU\TPU\pers\8745 
801 0 |a RU  |b 63413507  |c 20011210  |g PSBO 
801 2 |a RU  |b 63413507  |c 20160310  |g PSBO 
900 |a Грунтоведение 
942 |c BK